000 00348cam a2200133u 4500
082 _a973.3
_bWHI
100 1 _aWhitton, Frederick Ernest,
_950260
245 1 4 _aThe American war of independence,
260 _aLondon,
_bJ. Murray,
_c1931.
300 _ap. cm.
526 _a0
_b0
_c0
_d973_300000000000000_WHI
650 _aMCE
_9379
942 _2ddc
_cBK
999 _c552986
_d552986